000 00564nam a22001817a 4500
005 20251108172518.0
008 250721s9999 xx 000 0 ara d
082 1 4 _a344.01عبد
100 1 _aعبدالمجيد، منير
245 1 0 _aتنازع القوانين في علاقات العمل الفردية /
264 1 _aالإسكندرية :
_bمنشأة المعارف،
300 _a339ص
650 1 7 _aقانون العمل
650 1 7 _aتشريعات العمل
653 _aتنازع القوانين
942 _2ddc
_cBK
999 _c81253
_d81253